| 000 | 02089nam a2200325ua 4500 | ||
|---|---|---|---|
| 001 | 1408365 | ||
| 003 | CO-ViMGA | ||
| 005 | 20230915233613.0 | ||
| 008 | 130620s2013 ck a gr 00110 spa d | ||
| 020 | _a9789583057830 | ||
| 040 |
_aCO-ViMGA _bspa _cCO-ViMGA |
||
| 043 | _as-ck--- | ||
| 082 | 0 | 4 |
_a510.7 _221 _bP17t |
| 100 | 1 |
_aPatel, Mukul. _9955 |
|
| 245 | 0 | 0 |
_aTenemos tu número : _cMukul Patel, ilustrador Supriya Sahai ; traductora Adriana Arias de Hassan. _b porque todo en el universo son números... incluyéndote... / |
| 250 | _aEditora Marcela Carrasquilla. | ||
| 260 |
_aBogota :̀ _bPanamericana Editorial, _c2013. |
||
| 300 |
_a96 p. : _bil. ; _c28 cm. |
||
| 500 | _aIncluye bibliografía e índice analítico y glosario | ||
| 520 | _a"Todo en el universo está escrito en el lenguaje de las matemáticas, dijo Galileo. Estaba en lo cierto. Las matemáticas no son sólo sumas. Están en todo lo que nos rodea. Explican por qué te pareces a tus padres, por qué las lunas giran alrededor de los planetas y por qué es tan difícil elegir sabores de helados. Tenemos tu número te sorprenderá con las formas inesperadas en que las matemáticas les dan forma a nuestras vidas, te encantará con historias de grandes matemáticos del pasado y te desconcertará con los problemas que han dejado perplejos a cerebritos por cientos de años. En este libro podrás explorar un mundo en el que los balones de fútbol no son redondos, las bicicletas tienen ruedas cuadradas y los números imaginarios ayudan a los aviones a mantenerse en el aire. Aprenderás a hacer una figura con una sola esquina y matemáticas rápidas" | ||
| 534 |
_pTítulo original : _tWe ve got your number. |
||
| 650 | 1 | 4 |
_aAlgoritmos _xLiteratura infantil _9958 |
| 650 | 1 | 4 |
_aLógica simbólica y matemática. _9959 |
| 650 | 1 | 4 |
_aMatemáticas _x Enseñanza primaria. _9956 |
| 650 | 1 | 4 |
_aTeoría de los números _xLiteratura infantil _9957 |
| 650 | 1 | 4 |
_aJuegos matemáticos. _9960 |
| 700 | 1 |
_aArias de Hassan, Adriana, _etr. _9962 |
|
| 700 | 1 |
_aSahai, Supriya, _eil. _9961 |
|
| 942 |
_2ddc _cBK |
||
| 999 |
_c37337 _d37337 |
||